La divine comedie

Αποθηκεύτηκε σε:
Λεπτομέρειες βιβλιογραφικής εγγραφής
Κύριος συγγραφέας: Dante Alighieri, 1265-1321
Μορφή: Βιβλίο
Γλώσσα:French
Δημοσίευση: Paris : Flammarion, [1985-1990]
Έκδοση:2d ed.
Θέματα:
Ετικέτες: Προσθήκη ετικέτας
Δεν υπάρχουν, Καταχωρήστε ετικέτα πρώτοι!

MARC

LEADER 00000cam a2200000 i 4500
001 1/71181
008 970723m19851990 fre d
020 |a 2-08-211525-9 (v.1) 
020 |a 2-08-211534-8 (v.2) 
020 |a 2-08-211542-9 (v.3) 
035 |a 1990  |b 3  |c Ξανθάκη  |l 10030875 
040 |a GR-MY-UA  |b gre  |e aacr 
041 0 |a fre 
082 0 |a 851.15 
100 0 |a Dante Alighieri,   |d 1265-1321. 
245 1 3 |a La divine comedie /  |c Dante ; traduction de Jacqueline Risset 
250 |a 2d ed. 
260 |a Paris :   |b Flammarion,   |c [1985-1990] 
300 |a 3 v.  
500 |a Το έργο περιλαμβάνει και το πρωτότυπο κείμενο στα ιταλικά 
500 |a Ο πρώτος τόμος υπάρχει στην 1η εκδ. 
505 0 |a v.1: L'Enfer.- v.2: Le Purgatoire. - v.3: Le Paradis 
600 0 0 |a Dante Alighieri,   |d 1265-1321  |x Symbolism. 
600 0 0 |a Dante Alighieri,   |d 1265-1321  |x Alegory and symbolism. 
600 0 0 |a Dante Alighieri,   |d 1265-1321.   |t Divina Comedia. 
740 0 2 |a Le purgatoire 
740 0 2 |a Le paradis 
740 0 2 |a L'enfer 
767 0 8 |t Η θεία κωμωδία :  
852 |a INST  |b RHODES  |e 19970723  |h 851.15 DAN  |p 005400007965  |q 005400007965  |t BK  |y 0  |z v.3 
852 |a INST  |b RHODES  |e 19970723  |h 851.15 DAN  |p 005400007966  |q 005400007966  |t BK  |y 0  |z v.1 
852 |a INST  |b RHODES  |e 19970723  |h 851.15 DAN  |p 005400007967  |q 005400007967  |t BK  |y 0  |z v.2 
852 |a INST  |b RHODES  |e 19970723  |h 851.15 DAN  |p 005400007965  |q 005400007965  |t BK  |v v.3:  |y 0  |z v.3 
852 |a INST  |b RHODES  |e 19970723  |h 851.15 DAN  |p 005400007966  |q 005400007966  |t BK  |v v.1:  |y 0  |z v.1 
852 |a INST  |b RHODES  |e 19970723  |h 851.15 DAN  |p 005400007967  |q 005400007967  |t BK  |v v.2:  |y 0  |z v.2 
853 |a INST  |b RHODES  |h 851.15 DAN 
909 |a Ρ  |b 018791  |c 1990 
909 |a Ρ  |b 018793  |c 1990 
909 |a Ρ  |b 018792  |c 1990 
922 |a 4ΕΛΗ  |b 199012  |c 421